LOTR: Residents of Middle-Earth: Mirkwood - Statistics

General Stats
  • This quiz has been taken 61 times
  • The average score is 4 of 8
Answer Stats
Answer % Correct
Legolas
100%
Thranduil
98%
Necromancer
60%
Oropher
40%
Radagast
38%
Celeborn
25%
Khamûl
23%
Grimbeorn
10%
No matching quizzes found
Score Distribution
Percent of People with Each Score
Percentile by Number Answered
Your Score History
You have not taken this quiz